Biggest Ports in the World - Statistics

General Stats
  • This quiz has been taken 150 times
  • The average score is 26 of 50
Answer Stats
Country Location Answer % Correct
China Yangtze Delta Shanghai
93%
Singapore Singapore Strait Singapore
92%
UAE Persian Gulf Dubai-Jebel Ali
88%
USA Atlantic Ocean New York City
88%
Netherlands Rhine Delta Rotterdam
88%
USA Pacific Ocean Los Angeles-Long Beach
85%
China Pearl Delta Hong Kong
83%
Germany Elbe River Hamburg
80%
Greece Aegean Sea Athens-Piraeus
79%
Indonesia Java Sea Jakarta-Tanjung Priok
79%
Vietnam Mekong Delta Saigon-Ho Chi Minh
79%
Belgium Scheldt Delta Antwerp
78%
India Arabian Sea Mumbai-Nhava Sheva
78%
China Pearl Delta Guangzhou
77%
Philippines Philippine Sea Manila
75%
Japan Pacific Ocean Tokyo
74%
Thailand Gulf of Thailand Bangkok-Laem Chabang
73%
South Korea Korea Strait Busan
73%
Sri Lanka Laccadive Sea Colombo
71%
Malaysia Malacca Strait Kuala Lumpur-Klang
71%
UAE Persian Gulf Abu Dhabi
66%
Saudi Arabia Red Sea Jeddah
66%
China Pearl Delta Shenzhen
66%
USA Gulf of Mexico Houston
60%
Brazil Atlantic Ocean Sao Paulo-Santos
60%
Spain/UK Alboran Sea Algeciras-Gibraltar
59%
Morocco Alboran Sea Tangier-Med
59%
China Bohai Sea Tianjin
58%
Spain Balearic Sea Valencia
55%
Germany North Sea Bremerhaven
48%
China Taiwan Strait Xiamen
48%
China Yellow Sea Qingdao
46%
Egypt Levantine Sea Port Said
40%
Indonesia Madura Strait Surabaya-Tanjung Perak
35%
China Bohai Sea Dalian
34%
China Yangtze Delta Ningbo-Zhoushan
34%
Taiwan Taiwan Strait Kaohsiung
25%
Vietnam Gulf of Tonkin Hai Phong
20%
USA Atlantic Ocean Savannah
20%
Malaysia Malacca Strait Johor Bahru-Tanjung Pelepas
17%
China Yangtze Delta Suzhou-Taicang
15%
Panama Caribbean Sea Colon
13%
Oman Arabian Sea Salalah
11%
China Bohai Sea Yantai
11%
India Gulf of Kutch Mundra
5%
China Yellow Sea Lianyungang
3%
China Yellow Sea Rizhao
3%
China Bohai Sea Yingkou
3%
Vietnam Mekong Delta Vung Tau
2%
China Gulf of Tonkin Qinzhou
1%
No matching quizzes found
Score Distribution
Percent of People with Each Score
Percentile by Number Answered
Your Score History
You have not taken this quiz